000 00289nam a2200121Ia 4500
005 20251222154310.0
008 251222s9999||||xx |||||||||||||| ||spa||
020 _a84-244-0340-1
082 _a372.4/B42
100 _a"Bandet, Jeanne"
245 0 _aAprender a leer y escribir
942 _cLIB
999 _c33364
_d33364